<?xml version="1.0" encoding="UTF-8"?>
<collection xmlns="http://www.loc.gov/MARC21/slim">
 <record>
  <leader>00994nam a2200193 a 4500</leader>
  <controlfield tag="001">1/54782</controlfield>
  <controlfield tag="008">211220s1995    gr            000 | gre d</controlfield>
  <datafield tag="040" ind1=" " ind2=" ">
   <subfield code="a">GR-PeUP</subfield>
  </datafield>
  <datafield tag="082" ind1="0" ind2="0">
   <subfield code="a">938.748 ΓΙΑ</subfield>
  </datafield>
  <datafield tag="100" ind1="1" ind2=" ">
   <subfield code="a">Γιαννόπουλος, Νίκος Ιωαν.</subfield>
  </datafield>
  <datafield tag="245" ind1="0" ind2="0">
   <subfield code="a">Ιστορία από τη λαίλαπα του Β' Παγκοσμίου Πολέμου 1940-45 :</subfield>
   <subfield code="b">(κατοχή, Εθνική Αντίσταση, Απελευθέρωση κ.λ.π.) / </subfield>
   <subfield code="c">Νίκος Ιωανν. Γιαννόπουλος.</subfield>
  </datafield>
  <datafield tag="260" ind1=" " ind2=" ">
   <subfield code="a">Αθήνα : </subfield>
   <subfield code="b">[χ.ό.], </subfield>
   <subfield code="c">1995.</subfield>
  </datafield>
  <datafield tag="300" ind1=" " ind2=" ">
   <subfield code="a">156 σ. ; </subfield>
   <subfield code="c">21 εκ.</subfield>
  </datafield>
  <datafield tag="650" ind1=" " ind2="0">
   <subfield code="a">World War, 1939-1945 </subfield>
   <subfield code="x">Resistance movements</subfield>
   <subfield code="z">Greece.</subfield>
  </datafield>
  <datafield tag="650" ind1=" " ind2="4">
   <subfield code="a">Παγκόσμιος πόλεμος</subfield>
   <subfield code="y">1939-1945</subfield>
   <subfield code="x">Αντιστασιακά κινήματα</subfield>
   <subfield code="z">Ελλάδα.</subfield>
  </datafield>
  <datafield tag="651" ind1=" " ind2="0">
   <subfield code="a">Greece</subfield>
   <subfield code="x">History</subfield>
   <subfield code="y">1940-1945.</subfield>
  </datafield>
  <datafield tag="651" ind1=" " ind2="4">
   <subfield code="a">Ελλάδα</subfield>
   <subfield code="x">Ιστορία</subfield>
   <subfield code="y">1940-1945.</subfield>
  </datafield>
  <datafield tag="852" ind1=" " ind2=" ">
   <subfield code="a">INST</subfield>
   <subfield code="b">UNIPILB</subfield>
   <subfield code="c">MAIN</subfield>
   <subfield code="e">20211220</subfield>
   <subfield code="h">938.748 ΓΙΑ</subfield>
   <subfield code="p">00187040</subfield>
   <subfield code="q">00187040</subfield>
   <subfield code="t">LOAN</subfield>
   <subfield code="y">0</subfield>
   <subfield code="4">1</subfield>
  </datafield>
  <datafield tag="960" ind1=" " ind2=" ">
   <subfield code="a">ΑΛΜΠΑΝΗ ΤΑΝΙΑ</subfield>
  </datafield>
 </record>
</collection>
